Central Library OPAC University of Rajshahi

International politics in the Third World / (Record no. 41843)

MARC details
000 -LEADER
fixed length control field 00754nam a2200265 a 4500
001 - CONTROL NUMBER
control field 41843
003 - CONTROL NUMBER IDENTIFIER
rucl marc code BD-RjUL
005 - DATE AND TIME OF LATEST TRANSACTION
control field 20211209053447.0
008 - FIXED-LENGTH DATA ELEMENTS--GENERAL INFORMATION
fixed length control field 160606s1994 ii b 000 0 eng d
020 ## - INTERNATIONAL STANDARD BOOK NUMBER
International Standard Book Number 8170419840
035 ## - SYSTEM CONTROL NUMBER
System control number (BD-RjUL)41961
System control number 2537009
040 ## - CATALOGING SOURCE
Original cataloging agency ANL
Language of cataloging eng
Transcribing agency ANL
Modifying agency ANL
041 ## - LANGUAGE CODE
Language code of text/sound track or separate title eng
082 04 - DEWEY DECIMAL CLASSIFICATION NUMBER
Classification number 327.1091716
Author mark and year JHI 1994
100 1# - MAIN ENTRY--PERSONAL NAME
Personal name Jha, Sanjay Kumar.
9 (RLIN) 128534
245 10 - TITLE STATEMENT
Title International politics in the Third World /
Statement of responsibility, etc. Sanjay Kumar Jha.
250 ## - EDITION STATEMENT
Edition statement 1st ed.
260 ## - PUBLICATION, DISTRIBUTION, ETC. (IMPRINT)
Place of publication, distribution, etc. New Delhi :
Name of publisher, distributor, etc. Anmol,
Date of publication, distribution, etc. 1994.
300 ## - PHYSICAL DESCRIPTION
Pagination x, 298 p. ;
Size 22 cm.
504 ## - BIBLIOGRAPHY, ETC. NOTE
Bibliography, etc Includes bibliographical references
650 #0 - SUBJECT ADDED ENTRY--TOPICAL TERM
Topical term or geographic name as entry element Nonalignment.
9 (RLIN) 128535
651 #0 - SUBJECT ADDED ENTRY--GEOGRAPHIC NAME
Geographic name Developing countries
General subdivision Foreign relations.
9 (RLIN) 128536
942 ## - ADDED ENTRY ELEMENTS (KOHA)
Source of classification or shelving scheme Dewey Decimal Classification
Koha item type Books
Holdings
Lost status Source of classification or shelving scheme Damaged status Not for loan Collection code Permanent Location Current Location Shelving location Date acquired Source of acquisition Cost, normal purchase price Total Checkouts Full call number Date last seen Copy number Koha item type
  Dewey Decimal Classification   Not For Loan Non-fiction Central Library, University of Rajshahi Central Library, University of Rajshahi Reading Room 11/11/2002 Paragon Enterprise, Dhaka 420.00   327.1091716 JHI 1994 06/06/2016 C-1 Books
  Dewey Decimal Classification     Non-fiction Central Library, University of Rajshahi Central Library, University of Rajshahi   11/11/2002 Paragon Enterprise, Dhaka 420.00   327.1091716 JHI 1994 06/06/2016 C-2 Books
  Dewey Decimal Classification     Non-fiction Central Library, University of Rajshahi Central Library, University of Rajshahi   11/11/2002 Paragon Enterprise, Dhaka 420.00   327.1091716 JHI 1994 06/06/2016 C-3 Books
  Dewey Decimal Classification     Non-fiction Central Library, University of Rajshahi Central Library, University of Rajshahi   11/11/2002 Paragon Enterprise, Dhaka 420.00   327.1091716 JHI 1994 09/08/2016 C-4 Books